000 01206cam a2200241 4500
001 WB3809-14
008 020305n2002 000 0 eng u
035 _a(Sirsi) u116980
245 _aRICS launches European Housing Review 2002
260 _c2002
490 _aRICS Press Release
_v21 February 2002 (1)
520 _aThe RICS European Housing Review 2002, provides informed commentary and critical evaluation of EU housing markets, including comprehensive coverage of housing and mortgage finance systems. It also features fourteen country specific reports which explain the housing system, including the growth of home ownership and the role of rental housing. For a free copy of the European Housing Review contact Jenny MacDonnell on +44 (0)20 7334 3713 or e [email protected] Press release and summary of the Review http://www.rics.org/ricscms/bin/show?class=PressRelease&template=/includes/showpr.html&id=676
590 _aWB
650 _aEUROPEAN UNION
650 _aFINANCE SYSTEMS
650 _aDEMAND AND SUPPLY
650 _aMARKET CONDITIONS
650 _aHOME OWNERSHIP
650 _aHOUSING MARKET
650 _aRICS
690 _aHOUSING-INVESTMENT
942 _n0
999 _c69682
_d69682